UBT Library

CHild Health; Nursing: (Record no. 1465)

000 -LEADER
fixed length control field 00333nam a22001217a 4500
008 - FIXED-LENGTH DATA ELEMENTS--GENERAL INFORMATION
fixed length control field 160420b xxu||||| |||| 00| 0 eng d
020 ## - INTERNATIONAL STANDARD BOOK NUMBER
International Standard Book Number 9780132840071
020 ## - INTERNATIONAL STANDARD BOOK NUMBER
International Standard Book Number 0132840073
041 ## - LANGUAGE CODE
Language code of text/sound track or separate title eng
080 ## - UNIVERSAL DECIMAL CLASSIFICATION NUMBER
Universal Decimal Classification number 618.2
245 ## - TITLE STATEMENT
Title CHild Health; Nursing:
Statement of responsibility, etc Jane W.Ball RN Drph; Ruth C.Bindler RNC PHD ;Kay J. BN BC MSN;
942 ## - ADDED ENTRY ELEMENTS (KOHA)
Source of classification or shelving scheme
Item type Books
Holdings
Withdrawn status Lost status Source of classification or shelving scheme Damaged status Not for loan Collection code Permanent location Current location Date acquired Total Checkouts Full call number Barcode Date last seen Price effective from Koha item type Shelving location
          Koleksioni i përgjithshem UBT - Lipjan UBT - Lipjan 04/20/2016   681.2 BALL 002-027733 01/05/2017 04/20/2016 Books  
          Koleksioni i përgjithshem UBT - Lipjan UBT - Lipjan 04/20/2016   618.2 BALL 002-027734 01/04/2017 04/20/2016 Books Koleksioni i përgjithshem
UBT Library © 2015-2024. All rights reserved University Education for Business and Technology